| 000 | 00579nam a22001937a 4500 | ||
|---|---|---|---|
| 003 | 0 | ||
| 005 | 20230927142557.0 | ||
| 008 | 230927b xxu||||| |||| 00| 0 eng d | ||
| 020 | _a978-1-63987-663-1 | ||
| 050 |
_aRC 435 _b.St73 2023 |
||
| 100 | _aStafford, Vanessa | ||
| 245 |
_aAbnormal psychology _cVanessa Stafford |
||
| 260 |
_aNew York City _bMurphy & Moore _cc2023. |
||
| 300 |
_aviii, 240 pages : _bcol. ill. ; _c25 cm. |
||
| 500 | _aPsychology. | ||
| 504 | _aIncludes bibliographical references, glossary, and index. | ||
| 650 | _aPsychology. | ||
| 942 |
_2lcc _cBK |
||
| 999 |
_c365418 _d365418 |
||